LEADER 01153nam--2200385---450- 001 990001537900203316 005 20050722153057.0 035 $a000153790 035 $aUSA01000153790 035 $a(ALEPH)000153790USA01 035 $a000153790 100 $a20040326d1981----km-y0itay0103----ba 101 $aita 102 $aIT 105 $a||||||||001yy 200 1 $aDiscorso e retorica$f[scritti di] Giuseppe Mosconi ... [et al.]$ga cura di Clotilde Pontecorvo 210 $aTorino$cLoescher$dc1981 215 $a226 p.$d20 cm 225 2 $aConoscenza e processi educativi$v3 410 0$12001$aConoscenza e processi educativi$v3 454 1$12001 461 1$1001-------$12001 606 0 $aRetorica 702 1$aPONTECORVO,$bClotilde 702 1$aMOSCONI,$bGiuseppe 801 0$aIT$bsalbc$gISBD 912 $a990001537900203316 951 $aII.4. 600/3(XV B coll 438/3)$b14595 L.M.$cXV B 959 $aBK 969 $aUMA 979 $aSIAV6$b10$c20040326$lUSA01$h1035 979 $aPATRY$b90$c20040406$lUSA01$h1747 979 $aCOPAT6$b90$c20050722$lUSA01$h1530 996 $aDiscorso e retorica$9136881 997 $aUNISA LEADER 00965nam a2200241 i 4500 001 991002714999707536 008 150326s2014 it 001 0 ita d 020 $a9788863157758 035 $ab14220830-39ule_inst 040 $aBibl. Dip.le Aggr. Scienze Giuridiche - Sez. Studi Giuridici$bita 082 04$a343.05302632 100 1 $aGhinassi, Simone$0407200 245 13$aLa fattispecie impositiva del tributo successorio /$cSimone Ghinassi 260 $aOspedaletto :$bPacini,$c2014 300 $a288 p. ;$c23 cm 440 0$aSaggi di diritto tributario ;$v10 650 4$aDiritto tributario$xSuccessioni 907 $a.b14220830$b07-04-15$c26-03-15 912 $a991002714999707536 945 $aLE027 343.05 GHI01.01$g1$i2027000330867$lle027$nProf. Girelli$op$pE26.00$q-$rl$s- $t0$u0$v0$w0$x0$y.i15665513$z07-04-15 996 $aFattispecie impositiva del tributo successorio$9255081 997 $aUNISALENTO 998 $ale027$b26-03-15$cm$da $e-$fita$git $h3$i0